| 000 | 00727nam a2200241 a 4500 | ||
|---|---|---|---|
| 005 | 20210219152854.0 | ||
| 008 | 991125n 000 0 u | ||
| 035 | _aUPN01000064548 | ||
| 100 | _aEntwistle, N. J | ||
| 222 | _aHIGHER EDUCATION | ||
| 245 | _aApproaches to learning and perceptions of the learning environment : introduction to the special issue | ||
| 300 | _a201-204 | ||
| 362 | _a22, No. 3, 1991 | ||
| 505 | _aAbril 1992 | ||
| 653 | 0 | _aACTITUDES DEL ESTUDIANTE | |
| 653 | 0 | _aAMBIENTE EDUCATIVO | |
| 653 | 0 | _aESTILO COGNOSCITIVO | |
| 653 | 0 | _aESTRATEGIAS DE APRENDIZAJE | |
| 653 | 0 | _aEXPERIENCIAS DEL ESTUDIANTE | |
| 653 | 0 | _aPROCESOS DE APRENDIZAJES | |
| 904 |
_aAC _b002359 |
||
| 905 | _aArticulo | ||
| 999 |
_c62604 _d62604 |
||